Central Library OPAC University of Rajshahi

Management of office operations / (Record no. 13523)

MARC details
000 -LEADER
fixed length control field 00839nam a2200265 a 4500
001 - CONTROL NUMBER
control field 13523
003 - CONTROL NUMBER IDENTIFIER
rucl marc code BD-RjUL
005 - DATE AND TIME OF LATEST TRANSACTION
control field 20211208235452.0
008 - FIXED-LENGTH DATA ELEMENTS--GENERAL INFORMATION
fixed length control field 140201s19811978ii a b 001 0 eng
020 ## - INTERNATIONAL STANDARD BOOK NUMBER
International Standard Book Number 0876921306
035 ## - SYSTEM CONTROL NUMBER
System control number (BD-RjUL)13574
040 ## - CATALOGING SOURCE
Original cataloging agency DLC
Transcribing agency DLC
Modifying agency DLC
Language of cataloging eng
041 ## - LANGUAGE CODE
Language code of text/sound track or separate title eng
082 00 - DEWEY DECIMAL CLASSIFICATION NUMBER
Edition number 23
Classification number 651.3
Author mark and year LIM 1981
100 ## - MAIN ENTRY--PERSONAL NAME
Personal name Littlefield C. L.
9 (RLIN) 42209
245 00 - TITLE STATEMENT
Title Management of office operations /
Statement of responsibility, etc. C. L. Littlefield ... [et al.].
260 ## - PUBLICATION, DISTRIBUTION, ETC. (IMPRINT)
Place of publication, distribution, etc. New Delhi :
Name of publisher, distributor, etc. New Delhi Prentice-Hall of India,
Date of publication, distribution, etc. c1978.[Indian reprint 1981]
300 ## - PHYSICAL DESCRIPTION
Pagination xi, 480 p. :
Illustrations ill. ;
Size 24 cm.
504 ## - BIBLIOGRAPHY, ETC. NOTE
Bibliography, etc Includes bibliographical references and index.
650 #0 - SUBJECT ADDED ENTRY--TOPICAL TERM
Topical term or geographic name as entry element Office management.
9 (RLIN) 42160
700 1# - ADDED ENTRY--PERSONAL NAME
Personal name Littlefield, C. L.
Fuller form of name (Cleatice Louis)
942 ## - ADDED ENTRY ELEMENTS (KOHA)
Source of classification or shelving scheme Dewey Decimal Classification
Koha item type Books
Holdings
Lost status Source of classification or shelving scheme Damaged status Not for loan Collection code Permanent Location Current Location Shelving location Date acquired Source of acquisition Cost, normal purchase price Total Checkouts Full call number Date last seen Copy number Koha item type
  Dewey Decimal Classification     Non-fiction Central Library, University of Rajshahi Central Library, University of Rajshahi   17/10/1984 Tappion Tulip 4.00   651.3 LIM 1981 01/02/2014 C-2 Books
  Dewey Decimal Classification   Not For Loan Non-fiction Central Library, University of Rajshahi Central Library, University of Rajshahi Reading Room 17/10/1984 Tappion Tulip 4.00   651.3 LIM 1981 11/02/2019 C-1 Books